000 00901cam a2200241 a 4500
001 15
003 BR-CuiBMT
005 20231117130437.0
008 230724s2018 mgb 000 0 por d
020 _a9788545004752
040 _aBR-CuiBMT
_cBR-CuiBMT
080 _a351.712:34
_22007
090 _a351.712:34
_bP899c
100 1 _aPrandino, Diego
245 1 2 _aO contrato de patrocínio ativo na administração pública :
_bfundamentos, regime jurídico e controle da atividade patrocinadora do Estado /
_cDiego Prandino ; prefácio Weder de Oliveira.
260 _aBelo Horizonte :
_bFórum,
_c2018.
300 _a173 p. ;
_c22 cm
504 _aInclui bibliografia.
650 _aDireito administrativo
_xContratos administrativos
_zBrasil
650 _aAdministração pública
_xContrato de patrocínio ativo
_zBrasil
650 _aContrato de patrocínio ativo
_xRegime jurídico
942 _2udc
_cLV
999 _c15
_d15